000 01363nam a2200289 i 4500
001 145951
003 ES-MaACL
005 20240529062945.0
007 t|
008 071018s1864 sp |||| | spa d
040 _cES-MaACL
080 _a821.134.2-23"15
100 1 _aVega, Lope de,
_d1562-1635
_eaut
_9113563
245 1 3 _aEl bastardo Mudarra :
_bcomedia manuscrita y firmada en 27 de abril de 1612 /
_cLope de Vega ; [facsímil del manuscrito autógrafo realizado por Francisco López Fabra].
260 _aMadrid :
_bSociedad Foto-Zincográfica,
_c[1864]
300 _a56 hojas ;
_c27 cm.
500 _aReproducida por la Sociedad Foto-Zincográfica por encargo de Salustiano de Olózaga, en cuyo poder existe el original
501 _aAcompañado de una carta en fotolitocincografía de Salustiano de Olózaga, poseedor de la tragicomedia autógrafa del Fénix de los Ingenios, dirigida al Sr. D. Adelardo López de Ayala
530 _aDisponible en formato digital
700 1 _aLópez Fabra, Francisco.
_973629
700 1 _aOlózaga, Salustiano de,
_d1805-1873
_987007
852 _aES-MaACL
_cSPP3
_jG-9744
856 _uhttps://bvpb.mcu.es/es/consulta/registro.do?id=577765
_yVersión en línea
_z(Biblioteca Virtual del Patrimonio Bibliográfico)
942 _cMONANT
_n0
999 _c145951
_d145951